000 01545nam a22002537a 4500
003 Uzh_bibl
008 260427b |||||||| |||| 00| 0 ukr d
020 _a978-966-575-202-8
_c62.60
040 _bукр.
041 _2ukr
_aukr
080 _a82-1
090 _a82-1
_bУ 45
100 _a-
245 _aУкраїнські думи.
_cУпоряд. О.К. Артеменко
_hТекст
260 _aКиїв
_bТехніка
_c2011
300 _a160 с.
_bІл.
_fВ опр.
520 _aДо книжки ввійшли найвідоміші народні думи-неоціненні пам'ятки духовної скарбниці українського народу, в яких відображено силу народу, його любов до Батьківщини, досвід, розум, поетичну геніальність, високу моральність. У "Живих літописах", що посідають видатне місце у світовій народній поезії, змальовано героїчні і драматичні події і явища суспільного життя.
521 _aДля широкого кола читачів
546 _aукр.
650 _aЛітературно-художнє видання
653 _aБуде слава помеж козаками.
_aКозацьке життя.
_aВидатні гетьмани.
_aЧужина.
655 _aІсторична поезія
_vЗбірник
942 _2udc
_cBK
999 _c17532
_d17532